|
|
|
|
| LEADER |
00959nam a2200241 a 4500 |
| 001 |
1616310 |
| 008 |
091224s1996 nyu b 001 0 eng d |
| 010 |
|
|
|a \\\95031714
|
| 020 |
|
|
|a 0673994856
|
| 040 |
|
|
|a DLC
|c DLC
|d DLC
|d BD-DhAAL
|
| 082 |
0 |
0 |
|a 305.8/00973
|2 20
|
| 100 |
1 |
|
|a Doob, Christopher Bates.
|
| 245 |
1 |
0 |
|a Racism :
|b an American cauldron /
|c Christopher Bates Doob.
|
| 250 |
|
|
|a 2nd ed.
|
| 260 |
|
|
|a New York, NY :
|b HarperCollinsCollege,
|c c1996.
|
| 300 |
|
|
|a viii, 263 p. ;
|c 24 cm.
|
| 504 |
|
|
|a Includes bibliographical references and index.
|
| 541 |
1 |
|
|e 00009900
|
| 651 |
|
0 |
|a United States
|x Race relations.
|
| 650 |
|
0 |
|a Racism
|z United States.
|
| 852 |
4 |
|
|a Ayesha Abed Library
|j General shelf
|
| 999 |
|
|
|c 6400
|d 6400
|
| 952 |
|
|
|0 0
|1 0
|2 ddc
|4 0
|6 305_800973000000000_DOO_1996
|7 0
|9 6460
|a BRACUL
|b BRACUL
|c GEN
|d 2009-12-24
|g 0.00
|l 2
|m 13
|o 305.800973 DOO
|p 3010009900
|q 2026-05-19
|r 2026-04-12
|s 2026-04-12
|t 1
|w 2009-12-24
|y BK
|x No price found in the accession register.
|